<?xml version="1.0" encoding="UTF-8"?>
<record
    xmlns:xsi="http://www.w3.org/2001/XMLSchema-instance"
    xsi:schemaLocation="http://www.loc.gov/MARC21/slim http://www.loc.gov/standards/marcxml/schema/MARC21slim.xsd"
    xmlns="http://www.loc.gov/MARC21/slim">

  <leader>01068aaa a2200217 a 4500</leader>
  <controlfield tag="001">78788</controlfield>
  <controlfield tag="003">BD-RjUL</controlfield>
  <controlfield tag="005">20220223154410.0</controlfield>
  <controlfield tag="008">211115s1961    ua ||||| |||| 00| 0 ara d</controlfield>
  <datafield tag="035" ind1=" " ind2=" ">
    <subfield code="a">(BD-RjUL)</subfield>
  </datafield>
  <datafield tag="040" ind1=" " ind2=" ">
    <subfield code="a">BD-RjUL</subfield>
    <subfield code="b">eng</subfield>
    <subfield code="c">BD-RjUL</subfield>
  </datafield>
  <datafield tag="041" ind1=" " ind2=" ">
    <subfield code="a">ara</subfield>
  </datafield>
  <datafield tag="082" ind1=" " ind2=" ">
    <subfield code="2">23</subfield>
    <subfield code="a">297.4</subfield>
    <subfield code="b">MAQ 1961</subfield>
  </datafield>
  <datafield tag="100" ind1="1" ind2=" ">
    <subfield code="a">&#x627;&#x644;&#x645;&#x643;&#x64A;&#x60C;  &#x623;&#x628;&#x648; &#x637;&#x627;&#x644;&#x628; &#x645;&#x62D;&#x645;&#x62F; &#x628;&#x646; &#x639;&#x644;&#x64A; &#x628;&#x646; &#x639;&#x637;&#x64A;&#x629; &#x627;&#x644;&#x62D;&#x627;&#x631;&#x62B;&#x64A;  ;; Al-Makki, Abu Talib Muhammad bin Ali bin Attia Al-Harthy</subfield>
    <subfield code="9">250011</subfield>
  </datafield>
  <datafield tag="245" ind1=" " ind2=" ">
    <subfield code="a">&#x642;&#x648;&#x62A; &#x627;&#x644;&#x642;&#x644;&#x648;&#x628; &#x641;&#x64A; &#x645;&#x639;&#x627;&#x645;&#x644;&#x629; &#x627;&#x644;&#x645;&#x62D;&#x628;&#x648;&#x628; &#x648;&#x635;&#x641; &#x637;&#x631;&#x64A;&#x642; &#x627;&#x644;&#x645;&#x631;&#x64A;&#x62F; &#x625;&#x644;&#x649; &#x645;&#x642;&#x627;&#x645; &#x627;&#x644;&#x62A;&#x648;&#x62D;&#x64A;&#x62F; ;; quat alqulub fi mueamalat almahbub wasf tariq almurid 'iilaa maqam altawhid /</subfield>
    <subfield code="c">&#x623;&#x628;&#x648; &#x637;&#x627;&#x644;&#x628; &#x645;&#x62D;&#x645;&#x62F; &#x628;&#x646; &#x639;&#x644;&#x64A; &#x628;&#x646; &#x639;&#x637;&#x64A;&#x629; &#x627;&#x644;&#x62D;&#x627;&#x631;&#x62B;&#x64A;  &#x627;&#x644;&#x645;&#x643;&#x64A; ;; Abu Talib Muhammad bin Ali bin Attia al-Harithi al-Makki, </subfield>
  </datafield>
  <datafield tag="260" ind1=" " ind2=" ">
    <subfield code="a">&#x627;&#x644;&#x642;&#x627;&#x647;&#x631;&#x629; : </subfield>
    <subfield code="b">&#x645;&#x635;&#x637;&#x641;&#x649; &#x627;&#x644;&#x628;&#x627;&#x628;&#x64A; &#x627;&#x644;&#x62D;&#x644;&#x628;&#x64A;&#x60C; ;; Mustafa Al-Babi Al-Halabi</subfield>
    <subfield code="c"> 1961 1381</subfield>
  </datafield>
  <datafield tag="300" ind1=" " ind2=" ">
    <subfield code="a">544 p. ;</subfield>
    <subfield code="c">24 cm</subfield>
  </datafield>
  <datafield tag="650" ind1=" " ind2=" ">
    <subfield code="a">Sufism </subfield>
    <subfield code="v">Early works to 1800.</subfield>
    <subfield code="9">250012</subfield>
  </datafield>
  <datafield tag="650" ind1=" " ind2=" ">
    <subfield code="a">Sufism </subfield>
    <subfield code="9">250013</subfield>
  </datafield>
  <datafield tag="942" ind1=" " ind2=" ">
    <subfield code="2">ddc</subfield>
    <subfield code="c">BK</subfield>
  </datafield>
  <datafield tag="999" ind1=" " ind2=" ">
    <subfield code="c">78788</subfield>
    <subfield code="d">78788</subfield>
  </datafield>
  <datafield tag="952" ind1=" " ind2=" ">
    <subfield code="0">0</subfield>
    <subfield code="1">0</subfield>
    <subfield code="2">ddc</subfield>
    <subfield code="4">0</subfield>
    <subfield code="7">1</subfield>
    <subfield code="8">NFIC</subfield>
    <subfield code="a">RUCL</subfield>
    <subfield code="b">RUCL</subfield>
    <subfield code="c">Reading</subfield>
    <subfield code="d">2021-11-15</subfield>
    <subfield code="e">Maktubat I Ishaqia,</subfield>
    <subfield code="g">25.00</subfield>
    <subfield code="o">A 297.4 MAQ V-1 1961</subfield>
    <subfield code="r">2021-11-15 00:00:00</subfield>
    <subfield code="t">C-1</subfield>
    <subfield code="y">BK</subfield>
  </datafield>
  <datafield tag="952" ind1=" " ind2=" ">
    <subfield code="0">0</subfield>
    <subfield code="1">0</subfield>
    <subfield code="2">ddc</subfield>
    <subfield code="4">0</subfield>
    <subfield code="7">1</subfield>
    <subfield code="8">NFIC</subfield>
    <subfield code="a">RUCL</subfield>
    <subfield code="b">RUCL</subfield>
    <subfield code="c">Reading</subfield>
    <subfield code="d">1967-05-02</subfield>
    <subfield code="e">Maktubat I Ishaqia,</subfield>
    <subfield code="g">25.00</subfield>
    <subfield code="o">A 297.4 MAQ V-2 1961</subfield>
    <subfield code="r">2022-02-23 00:00:00</subfield>
    <subfield code="t">C-1</subfield>
    <subfield code="y">BK</subfield>
  </datafield>
</record>
